000
nam a22 7a 4500
999
_c
53172
_d
53172
003
OSt
005
20220718162847.0
008
220718b xxu||||| |||| 00| 0 eng d
040
_c
IIMT UNIVERSITY MEERUT
100
_a
KAPOOR, MAURYA
245
_a
ELEMENTS OF MECHANICAL ENGG
260
_b
BHARAT BHARTI
300
_a
318
942
_2
ddc
_c
09